000 00565nam a2200169 i 4500
001 41983
003 ES-MaACL
005 20230906160528.0
007 t|
008 030312s1916 cu ||||1| spa d
100 1 _aCarbonell y Rivero, José Manuel.
_935072
245 1 0 _aGonzalo de Quesada
_b: discurso al cumplirse el primer aniversario de la muerte el 9 de enero de 1916 /
_cJosé Manuel Carbonell y Rivero.
260 _aHabana :
_b[s.n.,
_c1916]
300 _a22 p. ;
_c23 cm.
500 _aCon un retr. de Gonzalo de Quesada.
852 _aES-MaACL
_j1510-F-8
999 _c41983
_d41983